000 01725nam a22004097a 4500
003 CHAP
005 20220329133841.0
008 971013s1984 r 00010 d
010 _a11777
011 _a12749
035 _a16295
040 _cCHAP
082 _a630.72
_bU35
110 _aUACH. Dirección Académica
_9115913
245 _aSemana de la investigación
_b: resumenes
260 _aChapingo, Méx. :
_bLa Universidad,
_c1984
300 _a196 p.
590 _aBATCH-UPD
_b10
_c20130110
_lUCH01
_h1015
590 _aBATCH-UPD
_b10
_c20130410
_lUCH01
_h0622
590 _aBATCH-UPD
_b10
_c20130913
_lUCH01
_h2102
590 _aCONVERSION
_b10
_c20130109
_lUCH01
_h1308
650 1 4 _aAgricultura
_xInvestigación
_xMéxico.
_91643
901 _aBK
942 _cLIBRO
949 _a630.72 U35
_bBC
_cLIBRO
_d33724000560710
_eLIBRO
_fc.2
_h71413
_i16295
_si
949 _a630.72 U35
_bBC
_cLIBRO
_d33724000560728
_eLIBRO
_fc.3
_h71414
_i16295
_si
949 _a630.72 U35
_bBC
_cLIBRO
_d33724000560736
_eLIBRO
_fc.5
_h72967
_i16295
_si
949 _a630.72 U35
_bBC
_cLIBRO
_d33724000560744
_eLIBRO
_fc.6
_h76148
_i16295
_si
949 _a630.72 U35
_bBC
_cLIBRO
_d33724000560751
_eLIBRO
_fc.7
_h76149
_i16295
_si
949 _a630.72 U35
_bBC
_cLIBRO
_d33724000560769
_eLIBRO
_fc.8
_h76150
_i16295
_si
949 _a630.72 U35
_bBC
_cLIBRO
_d33724000560777
_eLIBRO
_fc.9
_h76151
_i16295
_si
949 _a630.72 U35
_bBC
_cLIBRO
_d33724000716957
_eLIBRO
_fc.4
_h71415
_i16295
_sb
949 _a630.72 U35
_bBC
_cUACH
_d1629510
_eUACH
_fc.10
_h76152
_i16295
_sb
949 _a630.72 U55
_bF
_cLIBRO
_d-28519
_eLIBRO
_h2234
_i16295
_si
949 _a630.72 U55
_bF
_cLIBRO
_d-88897
_eLIBRO
_fc.2
_h2235
_i16295
_si
949 _a630.72 U55
_bF
_cLIBRO
_d-88899
_eLIBRO
_fc.3
_h2236
_i16295
_si
999 _c11777
_d11777